|
|
|
|
| LEADER |
01420nam a22003372a 4500 |
| 001 |
001180320 |
| 003 |
CZ BrMZK |
| 005 |
20140514145721.0 |
| 007 |
ta |
| 008 |
111113s1961 xr er|||||||||||cze d |
| 015 |
|
|
|a cnb000603558
|
| 035 |
|
|
|a (OCoLC)85465807
|
| 040 |
|
|
|a ABA001
|b cze
|c OSA001
|d BOA001
|
| 041 |
0 |
|
|a cze
|a eng
|
| 080 |
9 |
|
|a 420(075)
|
| 100 |
1 |
|
|a Bubeníková, Libuše,
|d 1920-1994
|7 jk01020090
|4 aut
|
| 245 |
1 |
0 |
|a Angličtina pro vědecké a odborné pracovníky :
|b základní kurs /
|c Libuše Bubeníková, Libuše Dušková, Jan Caha
|
| 250 |
|
|
|a 1. vyd.
|
| 260 |
|
|
|a Praha :
|b Československá akademie věd,
|c 1961
|
| 300 |
|
|
|a 317 s.
|
| 700 |
1 |
|
|a Dušková, Libuše,
|d 1930-
|7 jk01023436
|4 aut
|
| 700 |
1 |
|
|a Caha, Jan,
|d 1910-1981
|7 jk01020521
|4 aut
|
| 910 |
|
|
|a BOA001
|b 2-0458.125
|b PK-0027.712
|b TK-0099.730
|
| 920 |
|
|
|a 000093326
|
| 990 |
|
|
|a BK
|
| 991 |
|
|
|b 201111
|
| 996 |
7 |
|
|b 2619077320
|c 2-0458.125
|l MZK
|r Sklad / do 24 hodin
|n 0
|w 001213831
|u 000100
|a 1
|e BOA001
|j MZK50
|s A
|
| 996 |
7 |
|
|b 2619077321
|c 2-0458.125
|l MZK
|r Sklad / do 24 hodin
|n 0
|w 001213831
|u 000090
|a 1
|e BOA001
|j MZK50
|s A
|
| 996 |
7 |
|
|b 2619077322
|c 2-0458.125
|l MZK
|r Sklad / do 24 hodin
|n 0
|w 001213831
|u 000010
|a 1
|e BOA001
|j MZK50
|s A
|
| 996 |
6 |
|
|b 2619077323
|c 2-0458.125
|l MZK
|r Sklad / do 24 hodin
|n 0
|w 001213831
|u 000080
|a 1
|e BOA001
|j MZK50
|s P
|
| 996 |
7 |
|
|b 3119969519
|c PK-0027.712
|l MZK
|r Sklad / do 1 hodiny
|n 0
|w 001213831
|u 000020
|a 1
|e BOA001
|j MZK50
|s A
|